Music Quiz

Random Music or Famous Quiz
Score 0/24 Timer 05:00
0 Plays Today
% Correct
ADELE Adkins
94.4%
PRINCE Rogers Nelson
94.3%
DOLLY Parton
92.9%
CHRISTINA Aguilera
91.2%
AMY Winehouse
90.2%
CHERILYN Sarkisian
(Cher)
83.3%
DAVID Robert Jones
(David Bowie)
81.6%
BJÖRK Guðmundsdóttir
77.1%
GEORGIOS Panayiotou
(George Michael)
76.1%
ERIC Clapton
72.8%
ROBERT Allen Zimmerman
(Bob Dylan)
71.9%
LADONNA Gaines
(Donna Summer)
71.6%
% Correct
STEFANI Germanotta
(Lady Gaga)
69.3%
GORDON Sumner
(Sting)
68.8%
REGINALD Kenneth Dwight
(Elton John)
68.3%
WILLIAM 'Billy' Joel
68%
RICHARD Starkey
(Ringo Starr)
67.2%
NANCY Sinatra
65.1%
EITHNE Pádraigín Ní
Bhraonáin (Enya)
63.1%
ALECIA Beth Moore
(Pink)
59%
PAUL David Hewson
(Bono)
58.3%
BRIAN Hugh Warner
(Marilyn Manson)
54.3%
DECLAN MacManus
(Elvis Costello)
53.3%
DESTINY Hope Cyrus
(Miley Cyrus)
53%
Remove Ads.
Support Sporcle.
Get the best of Sporcle when you Go Orange. This ad-free experience offers more features, more stats, and more fun while also helping to support Sporcle. Thank you for becoming a member.

You're not logged in!

Compare scores with friends on all Sporcle quizzes.
OR
Log In

Show Comments

Extras

Top Quizzes Today


Score Distribution

Your Account Isn't Verified!

In order to create a playlist on Sporcle, you need to verify the email address you used during registration. Go to your Sporcle Settings to finish the process.

Report this User

Report this user for behavior that violates our Community Guidelines.

Details: